000 00595nam a2200229Ia 4500
005 20250508165151.0
008 008 250505s9999 xx 000 0 eng d
020 _a81-219-0827-2
037 _aTextual
040 _aFEDL
_beng
_cFEDL
041 _aeng
_2eng
084 _a001.422, GUP
_qFEDL
100 _aGupta S P
245 0 _aStatistical methods.
250 _a30th rev.
260 _aNew Delhi, India
_bSultan Chand and Sons
_c2001
300 _axx,1425p.
365 _aINR
_b300
546 _aRSPEE
942 _cTEXL
_h001.422, GUP
999 _c1393546
_d1393546